| 000 | 01068cam a22002531i 4500 | ||
|---|---|---|---|
| 003 | SA-RiAUC | ||
| 005 | 20241003141248.0 | ||
| 008 | 240928s1984 ||| g 000 0 ara c | ||
| 040 |
_aSA-JeALM _bara _cSA-RiAUC _erda |
||
| 082 | 0 | 4 | _a412 |
| 090 |
_a412 _bا ب ن خ |
||
| 100 | 1 |
_aابن خالويه، الحسين بن أحمد، _dتوفي 370 هجري _eمؤلف. |
|
| 245 | 1 | 2 |
_aالريح / _cأبو عبد الله الحسين بن أحمد بن خالويه ؛ تقديم حسين محمد محمد شرف. |
| 250 | _aالطبعة الأولى. | ||
| 264 | 1 |
_a[مكان النشر غير محدد] : _bأبو عبد الله الحسين بن أحمد بن خالويه. _c1984 |
|
| 300 | _a129 صفحة | ||
| 336 |
_aنص _btxt _2rdacontent _3كتاب |
||
| 337 |
_aبدون وسيط _bn _2rdamedia |
||
| 338 |
_aمجلد _bnc _2rdacarrier |
||
| 650 | 7 |
_aاللغة العربية _xتعبيرات اصطلاحية _2aucsh |
|
| 700 | 1 |
_aشرف، حسين محمد محمد _eمقدم. |
|
| 942 |
_2ddc _cBOOK _n0 |
||
| 949 |
_aSA-JeALM _d240928 _umohamedma123 _n1 |
||
| 999 |
_c840 _d840 |
||